| 000 | 01054cam a22002894a 4500 | ||
|---|---|---|---|
| 001 | 13005862 | ||
| 003 | PILC | ||
| 005 | 20150112093448.0 | ||
| 008 | 021119s2004 maua b 001 0 eng | ||
| 010 | _a 2002043219 | ||
| 020 | _a007126051X | ||
| 040 |
_aDLC _cDLC _dDLC |
||
| 042 | _apcc | ||
| 050 | 0 | 0 |
_aHF 5549 _b.N763 2007 |
| 100 |
_aNoe, Raymond A. _929587 |
||
| 245 | 0 | 0 |
_aFundamentals of human resource management / _cRaymond A. Noe ... [et al.] |
| 250 | _a2nd ed. | ||
| 260 |
_aBoston, Mass. : _bMcGraw-Hill, _xyz2007. |
||
| 300 |
_a570 pages : _bcolored illustration ; _c27 cm. |
||
| 504 | _aIncludes bibliographical references and indexes. | ||
| 538 | _aSystem requirements for accompanying computer disc: PC: Pentium Based Processor, Microsoft Windows 98/2000/XP. | ||
| 650 | 0 |
_aPersonnel management. _9685 |
|
| 700 | 1 |
_aNoe, Raymond A. _929587 |
|
| 906 |
_a7 _bcbc _corignew _d1 _eocip _f20 _gy-gencatlg |
||
| 942 |
_2lcc _cBK |
||
| 999 |
_c14987 _d14987 |
||